00626nam a2200205 a 4500001000400000003000900004008004100013040002800054082001800082100001900100245002700119250000700146260002700153300001500180490002600195650001900221942001200240999001700252952015100269230CO-ViMGA141112s2004 ck r 000 u spa d aCO-ViMGAbspacCO-ViMGA04a839.736 G74h31 aGripe, María10aHugo / cMarìa Gripe a5a aMadrid : bS.M, c1988 a136 p : il aEl barco de vapor, 9914aCUENTOS SUECOS 2ddccBK c12477d12477 00102ddc40708003aMEVIECARbMEVIECARd2015-12-04hVolumen. 1 | 11/jun/2009l0o839.736 G74h3 p230r2015-12-04 00:00:00tEj. 1w2015-12-04yBK